Ložné práce v dopravě mechanizační prostředky

Gespeichert in:
Bibliographische Detailangaben
1. Verfasser: Remta, František
Format: Buch
Sprache:Tschechisch
Veröffentlicht: Praha Nakl. dopravy a spojů 1963
Tags: Tag hinzufügen
Keine Tags, Fügen Sie das erste Tag hinzu!

MARC

LEADER 00000nam a2200000 4500
001 c122688
005 20221207103314.4
041 0 |a cze 
044 |a CZ 
245 1 0 |a Ložné práce v dopravě  |b mechanizační prostředky  |c František Remta 
264 1 |a Praha  |b Nakl. dopravy a spojů  |c 1963 
300 |a 401 s. 
100 1 |a Remta, František